Top 10 States by Alcohol Consumption - Statistics

General Stats
  • This quiz has been taken 68 times
    41 since last reset
  • The average score is 6 of 10
Answer Stats
Rank Gallons Per Capita State % Correct
8 2.94 Alaska
81%
7 2.98 Wisconsin
69%
9 2.92 Idaho
64%
5 3.11 Montana
58%
6 3.08 Vermont
58%
3 3.46 Nevada
56%
4 3.26 North Dakota
53%
10 2.87 South Dakota
53%
1 4.76 New Hampshire
42%
2 3.72 Delaware
19%
No matching quizzes found
Score Distribution
Percent of People with Each Score
Percentile by Number Answered
Your Score History
You have not taken this quiz since the last reset